000 00896nam a2200253Ia 4500
003 OSt
005 20221005110512.0
006 a|||||r|||| 00| 0
007 ta
008 221004b |||||||| |||| 00| 0 hin d
024 _a107496
037 _cTextual
040 _aCRL
_cCRL
_bhin
041 _2hin
_ahin
082 _aO152:f, L5
100 _aदीक्षित, आनन्दप्रकाश
245 0 _aसाहित्य - सिद्धाध्नत और शोध
246 _aSāhitya - siddhādhnat aur shodha
260 _aनई दिल्ली
_bनेशनल पब्लिशिंग हाउस भारत
_c1975
300 _a163पृ0
_ccm.
650 _aहिन्दी साहित्य
942 _hO152:f, L5
_cTEXL
_2cc
999 _c1019019
_d1019019